বাংলাদেশের মুক্তিযুদ্ধ : (Record no. 104084)
[ view plain ]
| 000 -LEADER | |
|---|---|
| fixed length control field | 00793nam a22001817a 4500 |
| 003 - CONTROL NUMBER IDENTIFIER | |
| control field | BD-DhUL |
| 005 - DATE AND TIME OF LATEST TRANSACTION | |
| control field | 20160904195302.0 |
| 008 - FIXED-LENGTH DATA ELEMENTS--GENERAL INFORMATION | |
| fixed length control field | 160830s2009 bg |||| |||| 000 0 ben d |
| 020 ## - INTERNATIONAL STANDARD BOOK NUMBER | |
| International Standard Book Number | 9844371767 |
| 040 ## - CATALOGING SOURCE | |
| Original cataloging agency | BD-DhUL |
| Transcribing agency | BD-DhUL |
| 082 ## - DEWEY DECIMAL CLASSIFICATION NUMBER | |
| Classification number | 954.92 |
| Item number | BAN |
| 245 ## - TITLE STATEMENT | |
| Title | বাংলাদেশের মুক্তিযুদ্ধ : |
| Statement of responsibility, etc. | রংগলাল সেন , দুলাল ভৌমিক / |
| Remainder of title | ঢাকা ও কলিকাতা বিশ্ববিদ্যালয়ের অবদান |
| 260 ## - PUBLICATION, DISTRIBUTION, ETC. (IMPRINT) | |
| Place of publication, distribution, etc. | ঢাকা : |
| Name of publisher, distributor, etc. | দি ইউনিভার্সিটি প্রেস , |
| Date of publication, distribution, etc. | ২০১২ |
| 300 ## - PHYSICAL DESCRIPTION | |
| Extent | ৩০০ পৃ. : |
| Dimensions | ২১ সেমি. । |
| 650 #0 - SUBJECT ADDED ENTRY--TOPICAL TERM | |
| Topical term or geographic name as entry element | বাংলাদেশ-ইতিহাস |
| 650 #0 - SUBJECT ADDED ENTRY--TOPICAL TERM | |
| Topical term or geographic name as entry element | Bangladesh-history |
| 942 ## - ADDED ENTRY ELEMENTS (KOHA) | |
| Source of classification or shelving scheme | |
| Koha item type | Books |
| Price effective from | Date last seen | Permanent Location | Not for loan | Date acquired | Source of classification or shelving scheme | Koha item type | Lost status | Withdrawn status | Copy number | Source of acquisition | Collection code | Damaged status | Shelving location | Barcode | Current Location | Full call number |
|---|---|---|---|---|---|---|---|---|---|---|---|---|---|---|---|---|
| 2016-09-04 | 2016-09-04 | Dhaka University Library | 2016-09-04 | Books | 7 | purchased | Non Fiction | General Stacks | 490748(d) | Dhaka University Library | 954.92 BAN | |||||
| 2016-09-08 | 2016-09-08 | Dhaka University Library | 2014-04-28 | Books | 1 | Purchased | Non Fiction | General Stacks | 481898 | Dhaka University Library | 954.92 BAN | |||||
| 2016-09-08 | 2016-09-08 | Dhaka University Library | 2014-04-28 | Books | 5 | Purchased | Non Fiction | General Stacks | 481902 | Dhaka University Library | 954.92 BAN | |||||
| 2016-09-08 | 2016-09-08 | Dhaka University Library | 2014-04-28 | Books | 4 | Purchased | Non Fiction | General Stacks | 481901 | Dhaka University Library | 954.92 BAN | |||||
| 2016-09-08 | 2016-09-08 | Dhaka University Library | 2014-04-28 | Books | 3 | Purchased | Non Fiction | General Stacks | 481900 | Dhaka University Library | 954.92 BAN | |||||
| 2016-09-18 | 2016-09-18 | Dhaka University Library | 2016-09-18 | Books | 2 | Purchased | Non Fiction | General Stacks | 481899 | Dhaka University Library | 954.92 BAN |
